WHERE DO BROKEN HEARTS GO - ONE DIRECTION LYRICS - Statistics

General Stats
  • This quiz has been taken 1,289 times
  • The average score is 51 of 58
Answer Stats
Hint Answer % Correct
So I built you a house from a ________ home broken
97%
Where do ________ hearts go? broken
97%
Where do ________ hearts go? broken
97%
Where do ________ hearts go? broken
97%
Where do ________ hearts go? broken
97%
Where do ________ hearts go? broken
97%
Where do ________ hearts go? broken
97%
Where do ________ hearts go? broken
97%
Where do ________ hearts go? broken
97%
How to fix up a ________ that I let down heart
97%
Counted all my ________ and there’s only one mistakes
96%
Then I wrote you a ________ with the words you spoke song
95%
To the look on your ________ when I let you go face
94%
Trying to ________ you but I just don’t know find
94%
Trying to ________ you but I just don’t know find
94%
Trying to ________ you but I just don’t know find
94%
Now I’m searching every lonely ________ place
94%
Now I’m searching every lonely ________ place
94%
It’s at the top of the list of the ________ I want things
93%
Yeah, it ________ me some time but I figured out took
93%
________ do broken hearts go? Where
93%
________ do broken hearts go? Where
93%
________ do broken hearts go? Where
93%
Every ________ calling out your name corner
92%
Every ________ calling out your name corner
92%
Where do broken ________ go? hearts
92%
Where do broken ________ go? hearts
92%
Where do broken ________ go? hearts
92%
Or are you giving it to ________ else? someone
91%
Or are you giving it to ________ else? someone
91%
Every corner ________ out your name calling
89%
All the rest of my crimes don’t come ________ close
89%
Where do broken hearts ________? go
89%
________ me now, ________ me now tell
89%
________ me now, ________ me now tell
89%
________ me, cause I’m breaking down Tell
89%
Yeah the taste of your lips on the tip of my ________ tongue
89%
How to ________ up a heart that I let down fix
88%
Yeah, it took me some time but I ________ out figured
87%
Love me ________? again
86%
Trying to find you but I just don’t ________ know
85%
Tell me will you ever ________ me again? love
85%
Now I’m ________ every lonely place searching
85%
________ to find you but I just don’t know Trying
84%
Are you ________ baby by yourself? sleeping
82%
Are you ________ baby by yourself? sleeping
82%
Mind is ________ in circles of you and me running
81%
Anyone in ________ is the enemy between
80%
Come on ________, cause I need you now baby
78%
Come on ________, come and get me out baby
78%
Come on ________, come and get me out baby
78%
Come on baby, cause I ________ you now need
77%
________ up on a list of the things I’ve done Standing
70%
Love was something you never ________ enough heard
67%
You ________ afraid? feel
65%
Tell me where you’re ________ now? hiding
61%
________ come with the pain that you’re running from Shadows
57%
Tell me where you’re ________ going
49%
No matching quizzes found
Score Distribution
Percent of People with Each Score
Percentile by Number Answered
Your Score History
You have not taken this quiz